000 00388nam a2200157Ia 4500
008 220216s9999 xx 000 0 und d
100 _aMackay J G
245 0 _aHysteresis tests on tyre compounds
260 _bIRI Transactions
_c1940
300 _a123-137
650 _aHysteresis test
650 _aTyre compounds
700 _aAnderson J G
700 _aGardner E R
942 _cJS
999 _c60573
_d60573